000 00624cam a2200217 4500
008 000000n2000 000 0 eng u
020 _a1898671214
035 _a(Sirsi) u110848
050 _a692.8
110 _aConstruction Industry Council
_92417
245 2 _aA guide to project team partnering.
260 _aLondon
_bCIC
_c2000
300 _a28p. ; 30cm.
350 _a25.00
520 _aIncludes Model Heads of Terms for a Multi-Party Project Partnering Contract
650 _aPROJECT TEAMS
650 _aPARTNERING AGREEMENTS
650 _aContracts
_96232
690 _aProcurement
_96260
942 _n0
999 _c101145
_d101145